LEADER 01229nam a2200265 i 4500 001 000000130784 003 CaOOAMICUS 005 20041104000000.0 008 041104s1986 it u000 u ita u 013 $a103621 040 $aSeMil$bita 245 13$aLe miniere e i minatori della Sardegna /$ca cura di Francesco Manconi ; testi di Giovanni Lilliu ... [et al.] ; fotografie di Giancarlo Deidda ... [et al.]. 260 $a[Cagliari] :$bConsiglio Regionale della Sardegna,$ccopyr. 1986. 300 $a236 p. :$briccamente ill. ;$c34 cm. 500 $aFondo Card. C.M. Martini. 650 4$aIndustria estrattiva - Sardegna - Storia.$0(OLS)http://semarc/subject/25783 700 1 $aManconi, Francesco.$0(OLS)http://semarc/name/54056 700 1 $aDeidda, Giancarlo.$0(OLS)http://semarc/name/54058 700 1 $aLilliu, Giovanni.$0(OLS)http://semarc/name/54057 850 $aSeMil 852 $aSeMil$W1$xVenegono$y1$m3P VI 226$j84805$B84805$CSeMilBibl$Z2$F88320 $81 941 1 $a4 961 $aOmaggio: Martini Card. Carlo Maria 996 $6245$aLe miniere e i minatori della Sardegna$9(OLS)http://semarc/title/192532 996 $6260$a[Cagliari] :$bConsiglio Regionale della Sardegna$9(OLS)http://semarc/publisher/46667 LEADER 00862nam a2200217 i 4500 001 000000136886 003 CaOOAMICUS 005 20050404000000.0 008 050404s1974 it u000 u ita u 013 $a110623 040 $aSeMil$bita 100 1 $aMagrassi, Mariano,$d<1930-2004>.$0(OLS)http://semarc/name/10244 245 10$aSalvare il mondo... ma con che cosa? /$cAb. Mariano Magrassi. 260 $aNoci :$bLa Scala,$cstampa 1974. 300 $a52 p. ;$c20 cm. 650 4$aEvangelizzazione e Sacramenti.$0(OLS)http://semarc/subject/16105 850 $aSeMil 852 $aSeMil$W1$xVenegono$y1$m511 7 *$j90463$B90463$CSeMilBibl$Z2$F95302 $81 961 $aRecupero: Biblioteca Seminario Saronno 996 $6245$aSalvare il mondo... ma con che cosa?$9(OLS)http://semarc/title/200000 996 $6260$aNoci :$bLa Scala$9(OLS)http://semarc/publisher/33374